000 00479nam a2200169Ia 4500
008 110201s9999 xx 000 0 und d
082 _bB5258
_aBAL 1320
100 _aगडकर रेचल
245 _aबारा भाऊ
260 _bपंढरी प्रकाशन
365 _b12
600 _aगडकर रेचल
630 _aबारा भाऊ
700 _aगडकर रेचल
730 _aबारा भाऊ
942 _cBOOK
999 _c831186
_d831183